|
|
|
|
| LEADER |
01317nam a2200289 a 4500 |
| 001 |
13733041 |
| 003 |
BD-DhAAL |
| 008 |
091025s2004 bg 000 0 eng d |
| 999 |
|
|
|c 4832
|d 4832
|
| 010 |
|
|
|a \\2004329370
|
| 020 |
|
|
|a 9848164936
|
| 040 |
|
|
|a DLC
|c DLC
|d DLC
|d BD-DhAAL
|
| 082 |
0 |
0 |
|a 342.5492023
|2 22
|
| 100 |
1 |
|
|a Rahman, Latifur,
|d 1936-
|9 29778
|
| 245 |
1 |
4 |
|a The Constitution of the People's Republic of Bangladesh :
|b with comments & case-laws /
|c Latifur Rahman.
|
| 250 |
|
|
|a Second edition
|
| 260 |
|
|
|a Dhaka :
|b Mullick Brothers,
|c 2005.
|
| 300 |
|
|
|a xiv, 561 pages ;
|c 25 cm.
|
| 541 |
1 |
|
|a Donated By Akbar Ali Khan
|e 00010274, 40216
|
| 610 |
1 |
0 |
|a Bangladesh.
|t Saṃbidhana.
|9 29779
|
| 650 |
|
0 |
|a Constitutions
|z Bangladesh.
|9 29780
|
| 650 |
|
0 |
|a Constitutional law
|z Bangladesh.
|9 29781
|
| 710 |
1 |
2 |
|a Bangladesh.
|t Saṃbidhana.
|9 29779
|
| 852 |
4 |
|
|a Ayesha Abed Library
|j General stacks
|
| 942 |
|
|
|2 ddc
|c BK
|
| 952 |
|
|
|0 0
|1 4
|2 ddc
|4 0
|6 342_549202300000000_RAH
|7 0
|9 4653
|a BRACUL
|b BRACUL
|c GEN
|d 2009-10-25
|g 0.00
|l 0
|o 342.5492023 RAH
|p 3010010274
|r 2009-10-25
|t 1
|w 2009-10-25
|y BK
|x No price found in the accession register.
|
| 952 |
|
|
|0 0
|1 0
|2 ddc
|4 0
|6 342_549202300000000_RAH
|7 1
|9 72491
|a BRACUL
|b BRACUL
|c AAKC
|d 2022-12-14
|e Donated by Akbar Ali Khan
|g 180.00
|l 0
|o 342.5492023 RAH
|p 3010040216
|r 2022-12-14
|t 2
|v 180.00
|w 2022-12-14
|y BK
|